000 00761nam a22002057a 4500
999 _c7261
_d7261
003 AR-CdUCM
008 190320b ||||| |||| 00| 0 spa d
040 _aMUNICIPALIDAD PROVINCIAL DEL CUSCO
_cBIBLIOTECA MUNICIPAL DEL CUSCO
082 _22 ed.
_a759.915 /
_bC83
100 _aCossío del Pomar, Felipe
_92452
245 _aNuevo arte :
_bteorías de la pintura contemporánea /
260 _aMéxico :
_bAmérica,
_c1939.
300 _a232 páginas ;
_bilustraciones,
_c20 cm.
500 _aDonación de la familia Nieto.
505 _aContenido: Génesis de la pintura contemporanea -- Impresionismo -- Neo impresionismo -- Simbolismo -- El cubismo ...
650 _aPintura moderna
_99044
650 _aSiglo XX
_98
942 _2ddc
_cLIBROS
945 _araen